000 005260000a22001810004500
020 _a0-311-11447-4
041 0 _aSPA
082 0 4 _aG 268.413 R4951m
100 1 _aRice, Lilian Moore
245 1 0 _aMejor enseñanza bíblica : Para maestros de niños de 9 a 11 años / Lilian Moore Rice
260 _aEl Paso, TX., USA : Casa Bautista de Publicaciones
300 _a96 Pag
001 7892
942 _cBK
999 _c38094
_d38094
336 _atexto
_btxt
_2rdacontent
337 _2rdamedia
_asin mediación
_bn
338 _2rdacarrier
_avolumen
_bnc